Advances in microbial biotechnology (Record no. 14869)

MARC details
000 -LEADER
fixed length control field 00457nam a2200169Ia 4500
008 - FIXED-LENGTH DATA ELEMENTS--GENERAL INFORMATION
fixed length control field 230917s9999||||xx |||||||||||||| ||und||
020 ## - ISBN
Price GBP95
040 ## - CATALOGING SOURCE
-- 225315
Original cataloging agency VIVEKANANDA LIBRARY
041 ## - Language
-- English
082 ## - DDC NUMBER
Classification number 660.6024576 C854A
100 ## - MAIN ENTRY--PERSONAL NAME
Personal name Crasta, Darrel, ed.
245 #0 - TITLE STATEMENT
Title Advances in microbial biotechnology
260 ## - PUBLICATION, DISTRIBUTION, ETC. (IMPRINT)
Place of publication, distribution, etc London
Name of publisher, distributor, etc Koros Press
Date of publication, distribution, etc 2015
300 ## - PHYSICAL DESCRIPTION
Pages viii, 272 p.
500 ## - GENERAL NOTE
General note 1988 23/02/2015 IBS216 24/02/2015 Main Budget
942 ## - ADDED ENTRY ELEMENTS (KOHA)
Koha item type Books
Holdings
Withdrawn status Lost status Damaged status Not for loan Location (home branch) Sublocation or collection (holding branch) Date acquired Koha issues (times borrowed) Koha full call number Accession No. Koha date last seen Koha item type
        VIVEKANANDA LIBRARY VIVEKANANDA LIBRARY 05/04/2015   660.6024576 C854A 347789 17/09/2023 Books
        VIVEKANANDA LIBRARY VIVEKANANDA LIBRARY 05/04/2015   660.6024576 C854A 347790 17/09/2023 Books
© Designed and Maintained by Vivekananda Library, MDU Rohtak